DIGITAL BANKING (Record no. 29497)

MARC details
000 -LEADER
fixed length control field 00304nam a22001457a 4500
003 - CONTROL NUMBER IDENTIFIER
control field SGT
020 ## - INTERNATIONAL STANDARD BOOK NUMBER
International Standard Book Number 9789375785952
082 ## - DEWEY DECIMAL CLASSIFICATION NUMBER
Classification number 332.10
Item number TAX
100 ## - MAIN ENTRY--PERSONAL NAME
Personal name TAXMAN
245 ## - TITLE STATEMENT
Title DIGITAL BANKING
260 ## - PUBLICATION, DISTRIBUTION, ETC. (IMPRINT)
Place of publication, distribution, etc INDIA
Name of publisher, distributor, etc TAXTMAN PUB.
Year of Publication 2024
300 ## - PAGE DESCRIPTION
No. of Pages 444
650 ## - SUBJECT ADDED ENTRY--TOPICAL TERM
Topical term or geographic name as entry element DIGITAL BANKING
942 ## - ADDED ENTRY ELEMENTS (KOHA)
Source of classification or shelving scheme Dewey Decimal Classification
Koha item type Books
Holdings
Withdrawn status Lost status Source of classification or shelving scheme Damaged status Not for loan Collection code Home library Current library Shelving location Date acquired Vendor Name Cost, normal purchase price SGTU Bill Number Total Checkouts Full call number Accession No. (Barcode) Date last seen Bill Date Koha item type Date last borrowed
    Dewey Decimal Classification     COMMERCE MANAGEMENT SGT Science & Social Sciences Library SGT Science & Social Sciences Library Text Book 29/01/2025 SAVERA BOOK DISTRIBUTORS 775.00 SGTU 24-25/CRB/763   332.10 TAX CM7326 29/01/2025   Books  
    Dewey Decimal Classification     COMMERCE MANAGEMENT SGT Science & Social Sciences Library SGT Science & Social Sciences Library Text Book 29/01/2025 SAVERA BOOK DISTRIBUTORS 775.00 SGTU 24-25/CRB/763 1 332.10 TAX CM7327 09/10/2025   Books 11/08/2025